Alle Premiere League Mannschaften - Statistiken

Allgemein
  • Dieses Quiz wurde 172 mal gespielt
  • Das Durchschnittsergebnis liegt bei 12 aus 20
Antwortstatistiken
Mannschaften % Korrekt
Manchester City
97%
FC Chelsea
93%
FC Liverpool
93%
FC Arsenal
92%
Manchester United
92%
Tottenham Hotspur
78%
West Ham United
69%
FC Everton
66%
Aston Villa
65%
Newcastle United
63%
Crystal Palace
53%
FC Burnley
49%
Brighton & Hove Albion
47%
FC Fulham
46%
Luton Town
46%
Sheffield United
43%
Nottingham Forest
42%
Wolverhampton Wanderers
42%
FC Brentford
38%
AFC Bournemouth
35%
Keine übereinstimmenden Quizze gefunden
Verteilung der Resultate
Anzahl Personen mit jedem Resultat
Perzentil nach korrekt beantworteten Fragen
Ihre Resultats-Entwicklung
Sie haben dieses Quiz noch nicht gespielt